[Event "TCh-TUR 2014"]
[Site "Konya TUR"]
[Date "2014.06.24"]
[Round "2.4"]
[White "Ozoglu, Berker"]
[Black "Ulas, Soner Ilhan"]
[Result "1-0"]
[WhiteElo "1979"]
[BlackElo "1841"]
[WhiteTeam "Gokce Ada Spor Kulubu"]
[BlackTeam "Alapli Aktif Genclik Spor Kulubu"]
[WhiteFideId "6330312"]
[BlackFideId "6315461"]
[EventDate "2014.06.23"]

1. Nf3 Nf6 2. c4 Nc6 3. d4 e6 4. a3 g6 5. Nc3 Bg7 6. e4 d6 7. Bg5 h6 8. Bh4 Qd7
9. Be2 O-O 10. Qd2 Na5 11. Bxf6 Bxf6 12. Qxh6 c5 13. dxc5 Nb3 14. Rd1 Nxc5 15.
e5 Bg7 16. Qe3 b6 17. Rxd6 Qe7 18. O-O Bb7 19. b4 Nd7 20. Rfd1 Rad8 21. Qg5 Rfe8
22. Nb5 Bxf3 23. Qxe7 Rxe7 24. Bxf3 Bxe5 25. R6d3 a6 26. Na7 Nf8 27. Nc6 1-0

[Event "TCh-TUR 2014"]
[Site "Konya TUR"]
[Date "2014.06.24"]
[Round "2.4"]
[White "Yalcin, Ozge"]
[Black "Genova, Lyubka"]
[Result "0-1"]
[BlackTitle "WIM"]
[WhiteElo "1824"]
[BlackElo "2258"]
[WhiteTeam "Alapli Aktif Genclik Spor Kulubu"]
[BlackTeam "Gokce Ada Spor Kulubu"]
[WhiteFideId "6313663"]
[BlackFideId "2905612"]
[EventDate "2014.06.23"]

1. d4 g6 2. Nf3 Bg7 3. e3 Nf6 4. c4 O-O 5. Nc3 d6 6. Be2 Nbd7 7. O-O e5 8. Rb1
e4 9. Nd2 Qe7 10. b4 c6 11. a4 Re8 12. Qb3 h5 13. Bb2 Nf8 14. Rfc1 N8h7 15. b5
h4 16. h3 Ng5 17. Bf1 Nh5 18. Ne2 Bh6 19. Rc3 Bf5 20. Ba3 c5 21. d5 Nh7 22. Kh1
g5 23. Ng1 g4 24. Qd1 N5f6 25. Be2 Qd7 26. hxg4 Nxg4 27. Qe1 Qe7 28. Nf1 Nhf6
29. Bc1 Kg7 30. Nh3 Rh8 31. Qd1 Ne5 32. Nh2 Qd7 33. Nf4 Rag8 34. Nh5+ Nxh5 35.
Bxh5 Kf8 36. f4 exf3 37. Bxf3 Bxb1 38. e4 Bxc1 39. Qxc1 Bd3 0-1

[Event "TCh-TUR 2014"]
[Site "Konya TUR"]
[Date "2014.06.24"]
[Round "2.4"]
[White "Catalkilic, Ozgur"]
[Black "Eldemir, Goksu"]
[Result "0-1"]
[WhiteElo "1914"]
[BlackElo "1701"]
[WhiteTeam "Gokce Ada Spor Kulubu"]
[BlackTeam "Alapli Aktif Genclik Spor Kulubu"]
[WhiteFideId "6306500"]
[BlackFideId "6336728"]
[EventDate "2014.06.23"]

1. e4 c5 2. Nf3 d6 3. c3 Nf6 4. h3 Nc6 5. Bd3 e5 6. Bc2 d5 7. Qe2 d4 8. d3 a6 9.
a4 Be7 10. Na3 O-O 11. Nc4 Qc7 12. Bd2 Be6 13. O-O h6 14. Na3 Rab8 15. Rfc1 b5
16. axb5 axb5 17. cxd4 cxd4 18. Qd1 Rfc8 19. Bb3 Qd6 20. Nb1 Nd7 21. Ne1 Nc5 22.
Bc2 b4 23. Qh5 Ra8 24. Rxa8 Rxa8 25. Bd1 Ra2 26. Bg4 Bxg4 27. Qxg4 Rxb2 28. f4
Nb3 29. Qc8+ Nd8 30. fxe5 Qxe5 31. Nf3 Qe6 32. Qxe6 Nxe6 33. Rd1 Nbc5 34. Ne5
Rb3 35. Nc6 Bg5 36. Bxb4 Be3+ 37. Kh2 Rxd3 38. Rxd3 Nxd3 39. Bd2 Nec5 40. Ne7+
Kf8 41. Nf5 Bf2 42. g3 Nxe4 43. Kg2 g6 44. Nxh6 Nxd2 45. Nxd2 Be3 46. Nb3 Bxh6
47. Nxd4 Ke7 48. Kf3 Kf6 49. h4 Ne5+ 50. Kg2 Be3 51. Nc2 Bc5 52. Ne1 Kf5 53. Kh3
Ng4 54. Nf3 f6 55. Nd2 Nf2+ 56. Kg2 Ne4 57. Nf1 Bf2 58. Kf3 Bxg3 59. Nxg3+ Nxg3
60. Kxg3 Ke5 61. Kg4 Ke4 62. Kg3 f5 63. Kg2 Kf4 64. Kh3 Kf3 0-1

[Event "TCh-TUR 2014"]
[Site "Konya TUR"]
[Date "2014.06.24"]
[Round "2.4"]
[White "Ozdemir, Serhan Berat"]
[Black "Yanar, Mehmet"]
[Result "1-0"]
[WhiteElo "1597"]
[BlackElo "1670"]
[WhiteTeam "Alapli Aktif Genclik Spor Kulubu"]
[BlackTeam "Gokce Ada Spor Kulubu"]
[WhiteFideId "6374611"]
[BlackFideId "6322999"]
[EventDate "2014.06.23"]

1. e4 c5 2. Nf3 Nc6 3. d4 cxd4 4. Nxd4 Nf6 5. Nc3 e5 6. Ndb5 d6 7. Bg5 a6 8. Na3
b5 9. Nd5 Be7 10. Bxf6 Bxf6 11. c3 O-O 12. Nc2 Bg5 13. a4 bxa4 14. Rxa4 a5 15.
Bc4 Rb8 16. b3 Kh8 17. O-O f5 18. exf5 Bxf5 19. Nce3 Be6 20. Qc2 Rb7 21. Qe4
Rbf7 22. h3 Bh6 23. Ra2 Nb8 24. Qb1 Qh4 25. Bd3 Nd7 26. Ra4 Qh5 27. Rxa5 Bf4 28.
Qd1 Qg5 29. Nxf4 Rxf4 30. Kh2 Rxf2 31. Rxf2 Rxf2 32. Ra8+ Nf8 33. Qe1 Qf4+ 34.
Kg1 Rb2 35. Bf5 Rxg2+ 36. Kxg2 Bd5+ 37. Nxd5 Qxf5 38. Qf2 1-0

[Event "TCh-TUR 2014"]
[Site "Konya TUR"]
[Date "2014.06.24"]
[Round "2.4"]
[White "Oncu, Tugce"]
[Black "Akgul, Beyza"]
[Result "1/2-1/2"]
[WhiteElo "1424"]
[BlackElo "1553"]
[WhiteTeam "Gokce Ada Spor Kulubu"]
[BlackTeam "Alapli Aktif Genclik Spor Kulubu"]
[WhiteFideId "6365604"]
[BlackFideId "6325556"]
[EventDate "2014.06.23"]

1. e4 e6 2. d4 d5 3. Nc3 dxe4 4. Nxe4 Qd5 5. Bd3 f5 6. Ng3 Qxg2 7. Nf3 Qh3 8.
Ne5 Nd7 9. Qe2 Ngf6 10. Nxd7 Bxd7 11. Bxf5 Qh4 12. Bxe6 O-O-O 13. Bxd7+ Rxd7 14.
c3 Re7 15. Be3 g6 16. O-O-O Bh6 17. Qd2 Bxe3 18. fxe3 Rhe8 19. Rde1 Ne4 20. Nxe4
Rxe4 21. Rhg1 Qh3 22. Rg3 Qf5 23. Qg2 Qe6 24. a3 Rh4 25. Kd2 Qb3 26. Kc1 Qa2 27.
Kc2 Qe6 28. Kd2 Qd6 29. Rh3 Qe7 30. Rxh4 Qxh4 31. Qg3 Qe7 32. Qg4+ Kb8 33. Kd3
Qd6 34. Qg3 Qb6 35. Kc2 Qb5 36. Qh3 h5 37. Qf3 Qa4+ 38. Kc1 Qd7 39. Kd2 Qe7 40.
e4 Rf8 41. Qe3 Qh4 42. Re2 Qf6 43. e5 Qe6 44. Rf2 Rxf2+ 45. Qxf2 Kc8 46. Qf6 Kd7
47. Qxe6+ Kxe6 48. Ke3 Kf5 49. Kf3 b5 50. b3 a6 51. a4 g5 52. h3 c5 53. axb5
axb5 54. dxc5 Kxe5 55. Ke3 Kd5 56. b4 Ke5 57. Kf3 Kd5 58. Ke3 Ke5 59. Kf3 Kd5
60. Ke3 Ke5 1/2-1/2

[Event "TCh-TUR 2014"]
[Site "Konya TUR"]
[Date "2014.06.24"]
[Round "2.5"]
[White "Grigorov, Grigor"]
[Black "Yelken, Mustafa"]
[Result "1/2-1/2"]
[WhiteTitle "GM"]
[WhiteElo "2494"]
[BlackElo "2080"]
[WhiteTeam "Karaman Saglik Spor Kulubu"]
[BlackTeam "Ego Spor Kulubu"]
[WhiteFideId "2907313"]
[BlackFideId "6334482"]
[EventDate "2014.06.23"]

1. d4 Nf6 2. c4 e6 3. Nf3 Bb4+ 4. Bd2 Qe7 5. g3 Nc6 6. Nc3 Bxc3 7. Bxc3 Ne4 8.
Qc2 Nxc3 9. Qxc3 O-O 10. Bg2 d6 11. O-O e5 12. d5 Nb8 13. c5 Nd7 14. cxd6 cxd6
15. Qc7 Re8 16. Nd2 Nf6 17. Rac1 Qxc7 18. Rxc7 Rd8 19. f4 Ne8 20. Rc3 f6 21.
fxe5 fxe5 22. Ne4 Bg4 23. Bf3 Bd7 24. Bh5 g6 25. Bf3 Rac8 26. Rb3 b6 27. Bg2 Bg4
28. Nc3 Bd7 29. h3 Kg7 30. Ne4 Bf5 31. Ng5 Nf6 32. g4 h6 33. gxf5 hxg5 34. Rg3
Rg8 35. Rxg5 Kh6 36. Rxg6+ 1/2-1/2

[Event "TCh-TUR 2014"]
[Site "Konya TUR"]
[Date "2014.06.24"]
[Round "2.5"]
[White "Ercan, Fahri"]
[Black "Enchev, Ivajlo"]
[Result "0-1"]
[BlackTitle "IM"]
[WhiteElo "2013"]
[BlackElo "2421"]
[WhiteTeam "Ego Spor Kulubu"]
[BlackTeam "Karaman Saglik Spor Kulubu"]
[WhiteFideId "6301525"]
[BlackFideId "2907712"]
[EventDate "2014.06.23"]

1. d4 Nf6 2. c4 e6 3. a3 d5 4. Nc3 c6 5. e3 Nbd7 6. Nf3 Bd6 7. cxd5 exd5 8. Bd3
O-O 9. O-O a5 10. Rb1 Re8 11. b4 axb4 12. axb4 b5 13. Re1 Ne4 14. Qc2 Ndf6 15.
h3 Qe7 16. Qb3 Bf5 17. Rd1 Qe6 18. Bxe4 Nxe4 19. Nxe4 Qxe4 20. Nd2 Qh4 21. Rb2
Bxh3 22. gxh3 Qxh3 23. Nf1 Re6 24. Ng3 Rg6 25. Rdd2 Bxg3 26. fxg3 Qxg3+ 27. Kf1
Qg1+ 28. Ke2 Qxc1 0-1

[Event "TCh-TUR 2014"]
[Site "Konya TUR"]
[Date "2014.06.24"]
[Round "2.5"]
[White "Donmez, Yusuf"]
[Black "Yalcin, Ozgun"]
[Result "1-0"]
[WhiteElo "2055"]
[BlackElo "1880"]
[WhiteTeam "Karaman Saglik Spor Kulubu"]
[BlackTeam "Ego Spor Kulubu"]
[WhiteFideId "6301967"]
[BlackFideId "6336400"]
[EventDate "2014.06.23"]

1. d4 Nf6 2. Nf3 c5 3. Nc3 d5 4. Bg5 Ne4 5. Nxe4 dxe4 6. Nd2 Qd5 7. Be3 cxd4 8.
Nb3 e5 9. c3 Nc6 10. f3 Be6 11. cxd4 exd4 12. Nxd4 exf3 13. exf3 Bc5 14. Bb5 Qe5
15. Qd2 Rd8 16. O-O-O O-O 17. Bxc6 bxc6 18. Rhe1 Bb6 19. Qc3 Ba5 20. b4 Bxb4 21.
Qxb4 c5 22. Qa5 Rd5 23. Nc2 Qxh2 24. Rxd5 Bxd5 25. Qxc5 Rd8 26. Bd2 Bxa2 27. Qa5
Qd6 28. Bg5 Kh8 1-0

[Event "TCh-TUR 2014"]
[Site "Konya TUR"]
[Date "2014.06.24"]
[Round "2.5"]
[White "Ciftci, Ergin"]
[Black "Circi, Fatih"]
[Result "1/2-1/2"]
[WhiteElo "1942"]
[BlackElo "2015"]
[WhiteTeam "Ego Spor Kulubu"]
[BlackTeam "Karaman Saglik Spor Kulubu"]
[WhiteFideId "6341004"]
[BlackFideId "6319726"]
[EventDate "2014.06.23"]

1. d4 c6 2. Nf3 d5 3. Bf4 f5 4. Nbd2 Nf6 5. e3 e6 6. Bd3 Bd6 7. Ne5 Qe7 8. h3
Nbd7 9. g4 g6 10. Qe2 Bxe5 11. dxe5 Ne4 12. Bxe4 fxe4 13. O-O-O b6 14. f3 exf3
15. Nxf3 Bb7 16. h4 h6 17. e4 O-O-O 18. Qe3 Qg7 19. exd5 cxd5 20. Nd4 Rde8 21.
Qa3 Qf8 22. Qe3 Ba6 23. Rh3 Kb7 24. Rf3 Qe7 25. Rh3 Qg7 26. a4 Ka8 27. Rd2 Nc5
28. a5 Ne4 29. Rdh2 bxa5 30. Qe1 Qf8 31. Rf3 Qb4 32. Qxb4 axb4 33. Bd2 Rhf8 34.
Bxb4 Rxf3 35. Nxf3 Rb8 36. Ba3 Rb7 37. Nd2 Nxd2 38. Kxd2 Rf7 39. Bc5 Rf4 40. Rg2
d4 41. Be7 Kb7 42. Bf6 Kc6 43. b3 Kd5 44. h5 gxh5 45. gxh5 Rf5 46. Rh2 Bb5 47.
Bg7 Be8 48. Bxh6 Rxe5 49. Bg7 Rxh5 50. Rxh5+ Bxh5 51. c3 dxc3+ 52. Bxc3 Kc5 53.
Kc2 Bg6+ 54. Kb2 Kb5 55. Bd4 a5 56. Kc3 Be4 57. Bf6 Bd5 58. Be5 1/2-1/2

[Event "TCh-TUR 2014"]
[Site "Konya TUR"]
[Date "2014.06.24"]
[Round "2.5"]
[White "Caglayan, Bengisu"]
[Black "Adanmis, Ezgi"]
[Result "0-1"]
[WhiteElo "1496"]
[BlackElo "1531"]
[WhiteTeam "Karaman Saglik Spor Kulubu"]
[BlackTeam "Ego Spor Kulubu"]
[WhiteFideId "6353177"]
[BlackFideId "6360017"]
[EventDate "2014.06.23"]

1. Nf3 Nf6 2. c4 e6 3. g3 d5 4. Bg2 Nc6 5. b3 Be7 6. Bb2 O-O 7. O-O d4 8. d3 e5
9. Nbd2 Nd7 10. h3 f5 11. Nh2 Nf6 12. a3 a5 13. Qc2 Be6 14. Ndf3 h6 15. Rad1 f4
16. g4 Qd7 17. Bc1 Nh7 18. Nd2 h5 19. Bf3 Ng5 20. Kg2 Nxf3 21. exf3 Nd8 22. Ne4
Nf7 23. Rfe1 g6 24. Bd2 Kg7 25. b4 a4 26. Rh1 b6 27. Rb1 Rh8 28. c5 Bd5 29. gxh5
gxh5 30. Rbg1 Kf8 31. Kf1 Qxh3+ 32. Ke2 Qe6 33. cxb6 cxb6 34. Qb1 Rc8 35. Rg2
Bxe4 36. fxe4 Ng5 37. Nf3 Nxf3 38. Kxf3 h4 39. Qg1 Qf7 40. Rg6 Qh7 41. Qg4 Rc2
42. Ke2 Qh5 43. Rg8+ Kf7 44. Rg7+ Kf6 45. Qxh5 Rxh5 46. Rg4 h3 47. Rh2 Ra2 48.
Rg1 Rxa3 49. Rc1 Kf7 50. f3 Ra2 51. Rc7 Rb2 52. Rc1 Ra2 53. Rc7 Rb2 54. Ra7 b5
55. Kd1 Kf6 56. Kc1 Ra2 57. Ra6+ Kg5 58. Bxf4+ Kxf4 59. Rxa2 h2 0-1

[Event "TCh-TUR 2014"]
[Site "Konya TUR"]
[Date "2014.06.24"]
[Round "2.5"]
[White "Sumer, Gun"]
[Black "Oz, Ozan"]
[Result "1-0"]
[WhiteElo "1956"]
[BlackElo "1793"]
[WhiteTeam "Ego Spor Kulubu"]
[BlackTeam "Karaman Saglik Spor Kulubu"]
[WhiteFideId "6311784"]
[BlackFideId "6349188"]
[EventDate "2014.06.23"]

1. e4 e6 2. d4 d5 3. Nc3 dxe4 4. Nxe4 Nd7 5. Bd3 Ngf6 6. Qe2 Nxe4 7. Bxe4 Nf6 8.
Bxb7 Rb8 9. Bxc8 Qxc8 10. Nf3 c5 11. O-O Bd6 12. dxc5 Qxc5 13. Rd1 O-O 14. c4
Rfd8 15. Be3 Qc7 16. h3 a5 17. Rac1 Ne4 18. Nd4 Bh2+ 19. Kh1 Bf4 20. Qf3 Bxe3
21. Qxe3 Nf6 22. b3 h6 23. Nb5 Qc6 24. Qe1 Ne4 25. Kg1 a4 26. Qa5 Rxd1+ 27. Rxd1
Qc5 28. Qe1 Qf5 29. Qe3 axb3 30. axb3 Qh5 31. Rd4 Nf6 32. Qd3 Ra8 33. Rd8+ Rxd8
34. Qxd8+ Kh7 35. Qd3+ Kg8 1-0

[Event "TCh-TUR 2014"]
[Site "Konya TUR"]
[Date "2014.06.24"]
[Round "2.5"]
[White "Karacan, Can Berk"]
[Black "Tepe, Efe Can"]
[Result "1-0"]
[WhiteElo "1773"]
[BlackElo "1817"]
[WhiteTeam "Karaman Saglik Spor Kulubu"]
[BlackTeam "Ego Spor Kulubu"]
[WhiteFideId "6347851"]
[BlackFideId "6348297"]
[EventDate "2014.06.23"]

1. e4 d6 2. d4 g6 3. Nc3 Bg7 4. f4 Nf6 5. Nf3 O-O 6. Be3 c6 7. Bd3 Nbd7 8. h3
Qc7 9. e5 Nd5 10. Qd2 Nxe3 11. Qxe3 b5 12. O-O b4 13. Ne4 c5 14. c3 Qb6 15. e6
fxe6 16. Neg5 Nf6 17. Nxe6 bxc3 18. dxc5 dxc5 19. Nxf8 cxb2 20. Bc4+ Kxf8 21.
Rae1 e6 22. Kh1 Rb8 23. Ng5 Kg8 24. Nxe6 Bxe6 25. Bxe6+ Kh8 26. f5 c4 27. Qf4
Nh5 28. Qg4 Be5 29. Rxe5 b1=Q 30. Rxb1 Qxb1+ 31. Kh2 Qc1 32. fxg6 Rb1 33. g7+
Nxg7 34. Qf3 Qg1+ 35. Kg3 Nxe6 36. Qf6+ 1-0

[Event "TCh-TUR 2014"]
[Site "Konya TUR"]
[Date "2014.06.24"]
[Round "2.6"]
[White "Salepci, Osman Firat"]
[Black "Kart, Melih"]
[Result "1-0"]
[WhiteElo "2094"]
[BlackElo "1731"]
[WhiteTeam "Pausa"]
[BlackTeam "Er-Bakir Kultur Ve Spor Kulubu"]
[WhiteFideId "6302343"]
[BlackFideId "6311180"]
[EventDate "2014.06.23"]

1. e4 e5 2. Nf3 Nc6 3. d4 d6 4. dxe5 Nxe5 5. Nxe5 dxe5 6. Qxd8+ Kxd8 7. Bc4 f6
8. Be3 Bd6 9. Nc3 Ne7 10. O-O-O Bd7 11. Rd2 Nc8 12. Rhd1 Nb6 13. Bb3 Ke7 14.
Bxb6 axb6 15. Nd5+ Kd8 16. Nxc7 Kxc7 17. Rxd6 Bc6 18. f3 b5 19. c3 Rhe8 20. a3
h6 21. h4 Re7 22. h5 Be8 23. g4 Bc6 24. Re6 Rxe6 25. Bxe6 Kb6 26. Kc2 Re8 27.
Bd7 Re7 28. Bxc6 bxc6 29. Rd8 c5 30. c4 Rb7 31. Kc3 b4+ 32. axb4 cxb4+ 33. Kb3
Kc7 34. Rg8 Kc6 35. Rc8+ Kd6 36. c5+ Kd7 37. c6+ Kxc8 38. cxb7+ Kxb7 39. Kxb4 1-0

[Event "TCh-TUR 2014"]
[Site "Konya TUR"]
[Date "2014.06.24"]
[Round "2.6"]
[White "Acar, Cengiz Can"]
[Black "Ersoz, Bartu"]
[Result "0-1"]
[WhiteElo "1717"]
[BlackElo "1918"]
[WhiteTeam "Er-Bakir Kultur Ve Spor Kulubu"]
[BlackTeam "Pausa"]
[WhiteFideId "6324800"]
[BlackFideId "6324312"]
[EventDate "2014.06.23"]

1. d4 Nf6 2. Bg5 d5 3. Bxf6 exf6 4. e3 Bd6 5. c4 dxc4 6. Bxc4 O-O 7. Nc3 c6 8.
Nge2 Nd7 9. Rc1 Nb6 10. Bd3 Re8 11. Qc2 h6 12. a3 a5 13. Ne4 Bf8 14. O-O Nd5 15.
N2c3 f5 16. Nd2 Nxc3 17. Qxc3 Qf6 18. Nc4 Be6 19. Nxa5 Bd5 20. Nc4 Qg5 21. g3
Qg4 22. Rfe1 Qf3 23. Kf1 f4 24. Bb1 Be6 25. Red1 Bg4 0-1

[Event "TCh-TUR 2014"]
[Site "Konya TUR"]
[Date "2014.06.24"]
[Round "2.6"]
[White "Ozen, Batuhan"]
[Black "Karaca, Cahit"]
[Result "1/2-1/2"]
[WhiteElo "1691"]
[BlackElo "1616"]
[WhiteTeam "Pausa"]
[BlackTeam "Er-Bakir Kultur Ve Spor Kulubu"]
[WhiteFideId "6345123"]
[BlackFideId "6325300"]
[EventDate "2014.06.23"]

1. e4 c5 2. c3 d5 3. exd5 Qxd5 4. d4 Nf6 5. Nf3 Bg4 6. Be2 e6 7. Be3 cxd4 8.
cxd4 Nc6 9. Nc3 Bb4 10. O-O Qd6 11. Qb3 O-O 12. Rfd1 Rfd8 13. Rac1 Rac8 14. h3
Bh5 15. a3 Bxc3 16. bxc3 Na5 17. Qa4 b6 18. Bg5 Qc6 19. Qxc6 Rxc6 20. g4 Bg6 21.
Ne5 Rc7 22. Nxg6 hxg6 23. Bf4 Rcc8 1/2-1/2

[Event "TCh-TUR 2014"]
[Site "Konya TUR"]
[Date "2014.06.24"]
[Round "2.6"]
[White "Demirelli, Leman"]
[Black "Dursun, Poyraz"]
[Result "1/2-1/2"]
[WhiteElo "1483"]
[BlackElo "1421"]
[WhiteTeam "Er-Bakir Kultur Ve Spor Kulubu"]
[BlackTeam "Pausa"]
[WhiteFideId "6360955"]
[BlackFideId "6382304"]
[EventDate "2014.06.23"]

1. d4 d5 2. Nf3 Nf6 3. c4 e6 4. Nc3 Nbd7 5. Bg5 c6 6. e3 Qa5 7. Nd2 Bb4 8. Qc2
Ne4 9. Ndxe4 dxe4 10. Bh4 e5 11. Be2 O-O 12. O-O exd4 13. exd4 Bxc3 14. bxc3 Re8
15. Rfe1 f5 16. Bf1 Nf8 17. Bg3 Ng6 18. Qd2 c5 19. d5 Bd7 20. h3 Qd8 21. Rac1
Rc8 22. Bf4 Qf6 23. Qe3 Ba4 24. Qd2 Qa6 25. Bg3 Rf8 26. Bf4 Rf7 27. Ra1 Qa5 28.
Rec1 Re8 29. Kh1 Rf6 30. Bg5 Rb6 31. Bf4 Rc8 32. Bg3 Bd7 33. Kg1 Qa4 34. Rab1
Rxb1 35. Rxb1 Qa5 36. Kh1 1/2-1/2

[Event "TCh-TUR 2014"]
[Site "Konya TUR"]
[Date "2014.06.24"]
[Round "2.7"]
[White "Javakhishvili, Lela"]
[Black "Dogan, Ali Ekber"]
[Result "1-0"]
[WhiteTitle "IM"]
[WhiteElo "2474"]
[BlackElo "2156"]
[WhiteTeam "Kayseri Seker Spor Kulubu"]
[BlackTeam "Tasduvar Satranc Spor Kulubu"]
[WhiteFideId "13601458"]
[BlackFideId "6304540"]
[EventDate "2014.06.23"]

1. d4 Nf6 2. c4 g6 3. Nc3 Bg7 4. e4 O-O 5. Be3 d6 6. h3 e5 7. d5 a5 8. Bd3 Na6
9. Nge2 Nd7 10. g4 Ndc5 11. Bc2 Bd7 12. a3 Qe8 13. Ng3 c6 14. Qd2 b5 15. dxc6
Bxc6 16. cxb5 Bxb5 17. b4 Ne6 18. Nxb5 Qxb5 19. Bd3 Qd7 20. Rb1 axb4 21. axb4
Rfb8 22. Bc4 Nac7 23. O-O Nb5 24. Bd5 Nbd4 25. Kg2 Ra4 26. Rfc1 Qd8 27. b5 Qf6
28. b6 Qf3+ 29. Kf1 Nc5 30. Qd1 Qxd1+ 31. Rxd1 Bf6 32. Ne2 Nc2 33. Bxc5 dxc5 34.
Bb3 Rb4 35. Bxc2 R8xb6 36. Rxb4 cxb4 37. Bb3 1-0

[Event "TCh-TUR 2014"]
[Site "Konya TUR"]
[Date "2014.06.24"]
[Round "2.7"]
[White "Karagollu, Ahmet"]
[Black "Kanmazalp, Ogulcan"]
[Result "1-0"]
[BlackTitle "IM"]
[WhiteElo "2084"]
[BlackElo "2441"]
[WhiteTeam "Tasduvar Satranc Spor Kulubu"]
[BlackTeam "Kayseri Seker Spor Kulubu"]
[WhiteFideId "6307825"]
[BlackFideId "6304990"]
[EventDate "2014.06.23"]

1. e4 c5 2. Nf3 e6 3. Qe2 Nc6 4. g3 g6 5. Bg2 Bg7 6. O-O e5 7. d3 d6 8. c3 Nge7
9. a3 O-O 10. b4 Be6 11. Re1 h6 12. Nbd2 Qd7 13. Bb2 Rac8 14. Rac1 Kh7 15. Nc4
b5 16. Ne3 cxb4 17. cxb4 f5 18. exf5 gxf5 19. Nf1 Ng6 20. h4 f4 21. h5 Nge7 22.
d4 Bc4 23. Qc2+ Kg8 24. dxe5 dxe5 25. Qd1 Qf5 26. g4 Qe6 27. N3d2 Rcd8 28. Qf3
Bd5 29. Ne4 Qf7 30. Nfd2 Bc4 31. Nxc4 bxc4 32. Bf1 Nd4 33. Bxd4 Rxd4 34. Rxc4
Rxc4 35. Nd6 Qf6 36. Bxc4+ Kh8 37. Ne4 Qc6 38. Nd2 Qd7 39. Nb3 Rd8 40. Nc5 Qd2
41. Qe2 Qc3 42. Bd3 Rd4 43. Be4 Rd2 44. Qb5 Qh3 45. Qe8+ Ng8 46. Qg6 Nf6 47. Ne6
Qxg4+ 48. Qxg4 Nxg4 49. Rc1 Nf6 50. Rc8+ Ng8 51. Rc7 Nf6 52. Rxa7 1-0

[Event "TCh-TUR 2014"]
[Site "Konya TUR"]
[Date "2014.06.24"]
[Round "2.7"]
[White "Erdogdu, Mert"]
[Black "Guler, Eren Can"]
[Result "1-0"]
[WhiteTitle "IM"]
[WhiteElo "2423"]
[BlackElo "1530"]
[WhiteTeam "Kayseri Seker Spor Kulubu"]
[BlackTeam "Tasduvar Satranc Spor Kulubu"]
[WhiteFideId "6301495"]
[BlackFideId "6315640"]
[EventDate "2014.06.23"]

1. e4 d5 2. exd5 Qxd5 3. Nc3 Qa5 4. d4 Nf6 5. Nf3 Bg4 6. h3 Bxf3 7. Qxf3 c6 8.
Bc4 e6 9. O-O Be7 10. Bf4 Nbd7 11. Rfe1 O-O 12. Bb3 Rfe8 13. Rad1 Nd5 14. Bd2
Qc7 15. Ne4 Rad8 16. c4 N5b6 17. Bf4 Qc8 18. Nd6 Bxd6 19. Bxd6 Nf6 20. Bb4 Qb8
21. Bc3 Nbd7 22. g4 Nf8 23. g5 N6d7 24. Re4 Qc7 25. Rde1 b5 26. c5 Ng6 27. h4
Ndf8 28. Bd2 Ne7 29. Bf4 Qd7 30. h5 Nd5 31. Bd6 Kh8 32. Kg2 a5 33. a3 Kg8 34. h6
gxh6 35. Bxd5 cxd5 36. Qf6 e5 37. gxh6 Ne6 38. Rg4+ 1-0

[Event "TCh-TUR 2014"]
[Site "Konya TUR"]
[Date "2014.06.24"]
[Round "2.7"]
[White "Soumya, Swaminathan"]
[Black "Atalik, Ekaterina"]
[Result "0-1"]
[WhiteTitle "WGM"]
[BlackTitle "IM"]
[WhiteElo "2318"]
[BlackElo "2433"]
[WhiteTeam "Tasduvar Satranc Spor Kulubu"]
[BlackTeam "Kayseri Seker Spor Kulubu"]
[WhiteFideId "5016193"]
[BlackFideId "4130189"]
[EventDate "2014.06.23"]

1. e4 e6 2. d4 d5 3. Nc3 Nf6 4. e5 Nfd7 5. f4 c5 6. Nf3 Nc6 7. Be3 a6 8. Qd2 Be7
9. dxc5 Bxc5 10. O-O-O b5 11. f5 b4 12. Na4 Be7 13. Qe1 Qa5 14. b3 Nc5 15. Bxc5
Bxc5 16. Kb1 Ne7 17. Qg3 g6 18. fxg6 hxg6 19. Bd3 Bd7 20. h4 Ra7 21. h5 gxh5 22.
Qg7 Rf8 23. Rxh5 Bxa4 24. bxa4 Qxa4 25. Rdh1 Nc6 26. Rh8 Qa3 27. Bb5 axb5 28.
Rxf8+ Bxf8 29. Rh8 b3 30. cxb3 Qxa2+ 31. Kc1 Qa1+ 32. Kd2 Ra2+ 33. Ke3 Qc1+ 34.
Kd3 Qc2+ 0-1

[Event "TCh-TUR 2014"]
[Site "Konya TUR"]
[Date "2014.06.24"]
[Round "2.7"]
[White "Aksakal, Boran"]
[Black "Gulsoy, Mustafa Alpago"]
[Result "1-0"]
[WhiteElo "1622"]
[BlackElo "1798"]
[WhiteTeam "Kayseri Seker Spor Kulubu"]
[BlackTeam "Tasduvar Satranc Spor Kulubu"]
[WhiteFideId "6366511"]
[BlackFideId "6337074"]
[EventDate "2014.06.23"]

1. e4 d6 2. d4 g6 3. Nf3 Bg7 4. Nc3 Nc6 5. h3 e5 6. Bb5 Bd7 7. Bg5 f6 8. Be3
Nge7 9. a3 O-O 10. Qd2 exd4 11. Bxd4 f5 12. Bc4+ Kh8 13. Bxg7+ Kxg7 14. h4 Qc8
15. h5 f4 16. O-O-O Bg4 17. hxg6 Nxg6 18. Nd5 Nce5 19. Qc3 Qd7 20. Rh2 h5 21.
Rdh1 c6 22. Nb4 Bxf3 23. gxf3 h4 24. Nd3 Kf6 25. Nxe5 dxe5 26. Rd1 Qe7 27. Rg1
Rh8 28. Rhg2 Rh6 29. Rg5 Qd6 30. Rf5+ Ke7 31. Rf7+ Ke8 32. Rd1 Qxd1+ 33. Kxd1 h3
34. Qe1 h2 35. Qh1 Rd8+ 36. Ke2 Rd7 37. Rxd7 Kxd7 38. Kd1 Nf8 39. Bf1 Nh7 40.
Bg2 Ng5 1-0

[Event "TCh-TUR 2014"]
[Site "Konya TUR"]
[Date "2014.06.24"]
[Round "2.7"]
[White "Gulden, Egemen"]
[Black "Yazici, Ugur Doga"]
[Result "1/2-1/2"]
[WhiteElo "1704"]
[BlackElo "1693"]
[WhiteTeam "Tasduvar Satranc Spor Kulubu"]
[BlackTeam "Kayseri Seker Spor Kulubu"]
[WhiteFideId "6324983"]
[BlackFideId "6363342"]
[EventDate "2014.06.23"]

1. e4 e5 2. Nc3 Nf6 3. g3 d5 4. exd5 Nxd5 5. Bg2 Be6 6. Nge2 Nc6 7. d3 Bc5 8.
Ne4 Bb6 9. a3 a6 10. b4 O-O 11. c4 Nde7 12. c5 Ba7 13. O-O Nf5 14. Bb2 Qd7 15.
Ng5 Bd5 16. Be4 h6 17. Nf3 Rfe8 18. Qc2 Rad8 19. Rad1 Qe6 20. Nc1 g5 21. h3 Ncd4
22. Nxd4 exd4 23. Bxd5 Qxd5 24. Ne2 Qe6 25. Rde1 -- 1/2-1/2

[Event "TCh-TUR 2014"]
[Site "Konya TUR"]
[Date "2014.06.24"]
[Round "2.7"]
[White "Aksoy, Ayca"]
[Black "Aslan, Lina"]
[Result "1-0"]
[WhiteElo "1771"]
[BlackElo "1535"]
[WhiteTeam "Kayseri Seker Spor Kulubu"]
[BlackTeam "Tasduvar Satranc Spor Kulubu"]
[WhiteFideId "6355978"]
[BlackFideId "6358969"]
[EventDate "2014.06.23"]

1. Nf3 c5 2. c4 g6 3. d4 Bg7 4. Nc3 cxd4 5. Nxd4 d6 6. g3 Nf6 7. Bg2 Nbd7 8. O-O
O-O 9. b3 a5 10. Bb2 Nc5 11. Rc1 Bd7 12. Ba1 Qc8 13. Re1 Bc6 14. e4 Nfd7 15. f4
e5 16. Nxc6 Qxc6 17. Nd5 Rfe8 18. Qd2 Nb6 19. Rcd1 Rad8 20. Qxa5 Nxd5 21. Rxd5
exf4 22. Bxg7 Kxg7 23. gxf4 Ne6 24. Qd2 Qb6+ 25. Kh1 Nc7 26. Rd3 Na6 27. f5 Nc5
28. Rh3 h5 29. Qg5 Rh8 30. Rg3 h4 31. Rh3 Rh5 32. Qg4 Rdh8 33. Rf1 Nd7 34. fxg6
Ne5 35. Qf4 Rf8 36. Qf6+ Kg8 37. Rxh4 Rxh4 38. Qxh4 Nxg6 39. Qf6 Qc5 40. Rg1 Kh7
41. Bh3 Qh5 42. Bg4 Qc5 43. Bf5 1-0